00277nam a2200121Ia 4500008004100000100000900041245002600050260003700076300000800113650001000121942000700131999001700138190216s9999||||xx |||||||||||||| ||und|| aNull 0aHindi-Vinjan Vishvasa bNew Age International Publishers a104 aHindi cBK c15885d15885